000
00215nam a22000857a 4500
008
161227b xxu||||| |||| 00| 0 eng d
100
_9
2155
_a
Kidd
245
_a
Ashoks Kite
260
_a
New Delhi
_b
Childrens Book Trust
_c
2011
999
_c
5045
_d
5045